[Event "Makarska"]
[Site "Makarska"]
[Date "1997.10.03"]
[Round "1"]
[White "Cvorovic, Drazen"]
[Black "Degraeve, Jean Marc"]
[Result "1-0"]
[WhiteElo "2425"]
[BlackElo "2540"]

1.e4 c5 2.Nf3 Nc6 3.Bb5 g6 4.O-O Bg7 5.Re1 Nf6 6.Nc3 O-O 7.Bxc6 dxc6 8.e5 Nd5
9.Ne4 b6 10.h3 Qc7 11.d3 f5 12.Ng3 f4 13.Nf1 Bf5 14.a3 Qd7 15.Qe2 h6 16.N1h2 g5
17.Bd2 a5 18.Rad1 Qe6 19.c4 Qg6 20.Bc1 Nc7 21.d4 Be6 22.b3 a4 23.bxa4 Rxa4
24.dxc5 Bxc4 25.Qd2 bxc5 26.Qd7 Nd5 27.e6 Qe8 28.Ne5 Bb5 29.Nhf3 Ra8 30.h4 Bf6
31.hxg5 hxg5 32.Rxd5 cxd5 33.Qxd5 Kg7 34.Nd7 Qh5 35.Nxf6 exf6 36.Qb7+ Kg8
37.Qxb5 g4 38.Qd3 Kg7 39.Nh2 Rad8 40.Qe2 f3 41.gxf3 Rh8 42.Bf4 gxf3 43.Qxf3 Qxf3
44.Nxf3 Rd3 45.Nh4 Rd5 46.Kg2 Re8 47.Kf3 c4 48.Kg4 c3 49.Rc1 Rc5 50.Nf5+ Kg8
51.Nd4 Rc4 52.Nb5 Rxe6 53.Rxc3 Rxc3 54.Nxc3 Ra6 55.a4 Kf7 56.Kf3 Rc6 57.Bd2 Rb6
58.Be3 Rb3 59.Bd4 Ke6 60.Ke4 Rxc3  1-0

[Event "ESP-ch"]
[Site "Torrevieja"]
[Date "1997.10.03"]
[Round "6"]
[White "Sanz Alonso, Francisco Javier"]
[Black "Merino Garcia, Rafael"]
[Result "1/2-1/2"]
[WhiteElo "2425"]
[BlackElo "2285"]

1.e4 c5 2.Nf3 Nc6 3.Bb5 e6 4.c3 Nge7 5.Qe2 a6 6.Ba4 b5 7.Bc2 Bb7 8.O-O Ng6
9.d4 cxd4 10.cxd4 Be7 11.g3 O-O 12.Nc3 Qb6 13.Be3 Na5 14.Rad1 Nc4 15.Bc1 Rac8
16.h4 b4 17.Na4 Qa5 18.d5 Bf6 19.Bb3 exd5 20.exd5 Rfe8 21.Qd3 Nge5 22.Nxe5 Nxe5
23.Qf5 Qd8 24.Qf4 d6 25.Qxb4 Qd7 26.Kg2 Rb8 27.Qf4 a5 28.Rfe1 Bc8 29.Rh1 Rb4
30.Rd4 Nd3 31.Rxd3 Rxf4 32.Bxf4 Be5 33.Bxe5 Rxe5 34.Nc3 Qe7 35.Bd1 Bf5 36.Rd2 h6
37.Bf3 g5 38.Rd4 Re1 39.Rxe1 Qxe1 40.hxg5 hxg5 41.g4 Bd7 42.Re4 Qd2 43.Re7 Qxb2
44.Rxd7 Qxc3 45.Rxd6 Kf8 46.Ra6 Ke7 47.Ra7+ Kd6 48.Rxf7 Qa3 49.Rf6+ Ke7 50.Re6+ Kd7
51.Re2 Qb4 52.Re5 Qd2 53.Re2 Qd4  1/2-1/2

[Event "Budapest FS10 IM-A"]
[Site "Budapest"]
[Date "1997.10.05"]
[Round "1"]
[White "Held, Markus"]
[Black "Afek, Yochanan"]
[Result "0-1"]
[WhiteElo "2315"]
[BlackElo "2380"]

1.e4 c5 2.Nf3 Nc6 3.Bb5 g6 4.Bxc6 bxc6 5.O-O Bg7 6.Re1 e5 7.c3 Qb6 8.d4 cxd4
9.cxd4 exd4 10.e5 Ne7 11.Nbd2 Ba6 12.b3 Bd3 13.Nc4 Bxc4 14.bxc4 c5 15.Bg5 h6
16.Rb1 Qe6 17.Bxe7 Kxe7 18.Qa4 Rhc8 19.Rb5 a6 20.Ra5 Ke8 21.Nd2 Bf8 22.Ne4 Be7
23.f4 Rc6 24.Rb1 Qf5 25.Qc2 Qxf4 26.e6 Rxe6 27.Nxc5 Qe3+ 28.Qf2 Rc6 29.Re1 Qxf2+
30.Kxf2 Rac8 31.Ne4 Kd8 32.c5 f5 33.Nd6 Bxd6 34.cxd6 Rxd6 35.Rae5 Rc2+  0-1

[Event "ESP-ch"]
[Site "Torrevieja"]
[Date "1997.10.05"]
[Round "8"]
[White "Sanz Alonso, Francisco Javier"]
[Black "Granero Roca, Antonio"]
[Result "1-0"]
[WhiteElo "2425"]
[BlackElo "2295"]

1.e4 c5 2.Nf3 Nc6 3.Bb5 g6 4.O-O Bg7 5.c3 Nf6 6.Re1 a6 7.Bxc6 dxc6 8.h3 O-O
9.d4 cxd4 10.cxd4 c5 11.d5 b5 12.Qc2 Qc7 13.Be3 Nd7 14.a4 Bb7 15.Nc3 b4 16.Nb1 Rfe8
17.Nbd2 e6 18.dxe6 Rxe6 19.Rac1 Rc8 20.Bd4 Bxd4 21.Nxd4 Re7 22.N4f3 Qf4 23.Re3 Rce8
24.Rce1 Kg7 25.Qd3 h5 26.b3 Nf6 27.e5 Nd5 28.Re4 Qh6 29.Rc4 Nf4 30.Qd6 Ne6
31.Ne4 Bxe4 32.Rcxe4 Ra7 33.Qb6 Raa8 34.Rd1 Reb8 35.Qc6 Qh8 36.Rd6 Qe8 37.Qd5 Rc8
38.Nd2 Nd4 39.Rxd4 cxd4 40.Qxd4 Rd8 41.Ne4 Kh6 42.g4 Qe7 43.g5+ Kh7 44.h4 a5
45.Nf6+ Kh8 46.Nd5 Qe6 47.Rxe6 fxe6 48.Qf4 exd5 49.Qf6+ Kh7 50.Qf7+ Kh8 51.Qxg6 d4
52.Qxh5+ Kg8 53.Qg6+ Kf8 54.Qf6+ Ke8 55.g6 Kd7 56.Qd6+ Kc8 57.Qc6+ Kb8 58.Qb6+ Kc8
59.Kf1 d3 60.Ke1 Rb8 61.Qc6+  1-0

[Event "Budapest FS10 IM-A"]
[Site "Budapest"]
[Date "1997.10.11"]
[Round "7"]
[White "Held, Markus"]
[Black "Cao Sang"]
[Result "1/2-1/2"]
[WhiteElo "2315"]
[BlackElo "2515"]

1.e4 c5 2.Nf3 Nc6 3.Bb5 g6 4.Bxc6 dxc6 5.d3 Bg7 6.O-O Nf6 7.Nbd2 O-O 8.h3 Nh5
9.Nc4 Qc7 10.a4 Nf4 11.a5 Rd8 12.Be3 Be6 13.Nfd2 b5 14.axb6 axb6 15.Rxa8 Rxa8
16.Bxf4 Qxf4 17.Nxb6 Rb8 18.Na4 Bxb2 19.Nxc5 Bxh3 20.gxh3 Qg5+ 21.Kh1 Qxc5
22.Nc4 Bd4 23.f4 f5 24.exf5 Qxf5 25.Kg2 Rf8 26.Qg4 Qf6 27.Kg3 e5 28.h4 h5
29.Qg5 Qxg5+ 30.hxg5 Rf5 31.Re1 exf4+ 32.Kf3 Rxg5 33.Re6 c5 34.Kxf4 Rg4+
35.Kf3 g5 36.Rh6 Rf4+ 37.Kg2 Rf2+ 38.Kg3 h4+ 39.Kg4 Bg7 40.Rc6 Rg2+ 41.Kh3 Rg3+
42.Kh2 Bd4 43.Nd6 Be5 44.Ne4 Re3+ 45.Kh1 Bf4 46.Nxg5 Re1+ 47.Kg2 Bxg5 48.Rg6+ Kf7
49.Rxg5 Re2+ 50.Kh3 Rxc2 51.Kxh4 Kf6 52.Rd5 Ke6 53.Rd8 Rg2 54.Kh3 Rg7 55.Kh4 Ke5
56.Re8+ Kd5 57.Rd8+ Kc6 58.Rc8+ Kd6 59.Rd8+ Kc7 60.Re8 Kc6 61.Rd8 Rg1 62.Rc8+ Kb6
63.Rb8+ Kc7 64.Rb5 Rc1 65.Rb3 Kc6 66.Kg4 Kd5 67.Kf3 Kd4 68.Ke2 Rh1 69.Kd2 Rh3
70.Kc2 Rg3 71.Rc3 Rg2+ 72.Kb3  1/2-1/2

[Event "Budapest FS10 IM-A"]
[Site "Budapest"]
[Date "1997.10.11"]
[Round "7"]
[White "Bilek, Istvan"]
[Black "Gorbatow, Alexej"]
[Result "1/2-1/2"]
[WhiteElo "2370"]
[BlackElo "2420"]

1.e4 c5 2.Nf3 Nc6 3.Bb5 Na5 4.c3 Nf6 5.e5 Nd5 6.d4 cxd4 7.cxd4 e6 8.O-O Be7
9.Nbd2 O-O 10.Bd3 f5 11.exf6 gxf6 12.Nc4 Nxc4 13.Bxc4 Nb6 14.Bb3 d5 15.Bh6 Rf7
16.Qe2 Bd7 17.Rfc1 Bd6 18.g3 a5 19.a3 a4 20.Ba2 Qe8 21.Qe3 Rc8 22.Bf4 Bf8
23.Rxc8 Qxc8 24.Qe2 Nc4 25.Rc1 b5 26.Nd2 Qb7 27.Nxc4 dxc4 28.Bb1 Qd5 29.Be4 Qxd4
30.Rd1 Qb6 31.Qg4+ Rg7 32.Qh4 Rf7 33.Qg4+ Kh8 34.Qh4 Kg8  1/2-1/2

[Event "Budapest FS10 IM-A"]
[Site "Budapest"]
[Date "1997.10.13"]
[Round "9"]
[White "Held, Markus"]
[Black "Bilek, Istvan"]
[Result "1/2-1/2"]
[WhiteElo "2315"]
[BlackElo "2370"]

1.e4 c5 2.Nf3 Nc6 3.Bb5 e6 4.O-O Nge7 5.c3 a6 6.Be2 d5 7.exd5 Nxd5 8.d4 Be7
9.c4 Nf6 10.dxc5 Qxd1  1/2-1/2

[Event "Budapest FS10 IM-B"]
[Site "Budapest"]
[Date "1997.10.15"]
[Round "11"]
[White "Horvath, Adam"]
[Black "Becher, Helmut"]
[Result "1-0"]
[WhiteElo "2415"]
[BlackElo "2255"]

1.e4 c5 2.Nf3 Nc6 3.Bb5 g6 4.O-O Bg7 5.c3 Nf6 6.Re1 O-O 7.d4 cxd4 8.cxd4 d5
9.e5 Ne8 10.Nc3 Nc7 11.Ba4 Bg4 12.Be3 Ne6 13.Bb3 Bxf3 14.gxf3 Nc7 15.f4 e6
16.Rc1 Ne7 17.Ne2 Nf5 18.Ng3 Rc8 19.Nxf5 exf5 20.Qf3 Qd7 21.Rc3 b5 22.Rec1 a5
23.Bxd5 Nxd5 24.Rxc8 Rxc8 25.Rxc8+ Qxc8 26.Qxd5 Qc2 27.Qa8+ Bf8 28.Kg2 Kg7
29.Qb7 a4 30.h3 b4 31.Kg3 Qxb2 32.e6 Qxa2 33.Qxf7+  1-0

[Event "Owens Corning"]
[Site "Wrexham"]
[Date "1997.10.18"]
[Round "5"]
[White "Van den Doel, Erik"]
[Black "Donaldson, John W"]
[Result "1-0"]
[WhiteElo "2440"]
[BlackElo "2430"]

1.e4 c5 2.Nf3 Nc6 3.Bb5 g6 4.c3 Nf6 5.Qe2 Bg7 6.O-O O-O 7.Rd1 Qc7 8.Ba4 e5
9.d3 d6 10.Bb3 Bd7 11.Nbd2 h6 12.Nf1 Nh5 13.Be3 Rae8 14.Ng3 Nf6 15.a3 b6
16.Ba2 Kh7 17.h3 Be6 18.b4 cxb4 19.Bxe6 Rxe6 20.axb4 d5 21.Qa2 Rd8 22.exd5 Nxd5
23.Bd2 Re7 24.Qc4 Nf4 25.Be3 Red7 26.Bxf4 exf4 27.Ne2 a5 28.bxa5 Nxa5 29.Qxc7 Rxc7
30.Ra3 g5 31.Nfd4 Nc6 32.Nxc6 Rxc6 33.d4 Bf8 34.Rb3 Ra8 35.Rdb1 Ra6 36.Nc1 Ra3
37.Rxa3 Bxa3 38.Ne2 Kg7 39.Kf1 Kf6 40.Ke1 Ke7 41.Kd2 Bd6 42.Kd3 Bc7 43.c4 f3
44.gxf3 Rf6 45.Ke3 Kd7 46.Rb3 Rc6 47.Rb4 Re6+ 48.Kd2 Rf6 49.Rb3 Rc6 50.Rc3 Bd6
51.Kd3 Bb4 52.Rb3 Be1 53.d5 Rg6 54.Ke3 Ba5 55.Nd4 Rg8 56.Nc6 Re8+ 57.Kd3 Be1
58.Rb2 Ra8 59.Ke2 Ba5 60.Rb5 Kd6 61.Nd4 Ke5 62.Nb3 Re8 63.Kd3 Be1 64.Rxb6 Bxf2
65.Rxh6 Ra8 66.Rc6 f5 67.Re6+ Kf4 68.d6 Kxf3 69.d7 Rd8 70.Rd6 g4 71.hxg4 fxg4
72.c5 g3 73.c6 g2 74.Rf6+ Kg3 75.Nd4 Kh3 76.Rh6+ Kg4 77.Rg6+ Kh3 78.c7  1-0

[Event "Owens Corning"]
[Site "Wrexham"]
[Date "1997.10.18"]
[Round "5"]
[White "Bellin, Robert"]
[Black "Sahu, Sekhar Chandra"]
[Result "1/2-1/2"]
[WhiteElo "2400"]
[BlackElo "2285"]

1.e4 c5 2.Nf3 Nc6 3.Bb5 e6 4.Bxc6 bxc6 5.b3 d6 6.d4 cxd4 7.Qxd4 Be7 8.Bb2 e5
9.Qd3 Nf6 10.O-O O-O 11.c4 Nd7 12.Ba3 a5 13.Rd1 c5 14.Nc3 Bb7 15.Nd5 Ra6
16.Nd2 Nf6 17.Nxf6+ Bxf6 18.Nb1 Qc8 19.Nc3 Bd8 20.Bc1 f5 21.exf5 Rxf5 22.Ne4 Bh4
23.Be3 Qf8 24.Nxd6 e4 25.Qd2 Bxf2+ 26.Bxf2 e3 27.Bxe3 Rxd6 28.Qxd6 Rf1+ 29.Rxf1 Qxd6
30.Rad1 Qc7 31.Rf5 h6 32.Bxc5 Kh7 33.Rd6 Qc8 34.Re5 Bxg2 35.Kxg2 Qg4+ 36.Kh1 Qf3+
37.Kg1 Qg4+ 38.Kh1  1/2-1/2

[Event "Loures"]
[Site "Loures"]
[Date "1997.10.24"]
[Round "4"]
[White "Charneira, Hermenegildo"]
[Black "Kogan, Artur"]
[Result "0-1"]
[WhiteElo "2205"]
[BlackElo "2500"]

1.e4 c5 2.Nf3 Nc6 3.Bb5 e6 4.O-O Nge7 5.Re1 a6 6.Bf1 b5 7.b3 Bb7 8.Nc3 Ng6
9.Bb2 Bd6 10.Ne2 O-O 11.d4 cxd4 12.Nexd4 Qc7 13.g3 Nce5 14.Bg2 Rac8 15.h4 Nxf3+
16.Nxf3 f5 17.Ng5 h6 18.Qh5 Ne5 19.Nh3 fxe4 20.Rxe4 Rf5 21.Qe2 Qxc2 22.Qxc2 Rxc2
23.g4 Nf3+ 24.Kh1 Bxe4 25.gxf5 Rxb2  0-1

[Event "Copa Itau Mercosul"]
[Site "Sao Paulo"]
[Date "1997.10.26"]
[Round "9"]
[White "Matsuura, Everaldo"]
[Black "Sorokin, Maxim"]
[Result "0-1"]
[WhiteElo "2390"]
[BlackElo "2555"]

1.e4 c5 2.Nf3 Nc6 3.Bb5 e6 4.O-O Nge7 5.c3 d5 6.exd5 Qxd5 7.d4 cxd4 8.c4 Qd6
9.Nxd4 Bd7 10.Nxc6 Qxd1 11.Rxd1 Bxc6 12.Nc3 Rc8 13.b3 a6 14.Bxc6+ Nxc6 15.Be3 Ba3
16.Ne4 Ke7 17.Kf1 Rhd8 18.Ke2 f6 19.Rxd8 Nxd8 20.Bc1 Bxc1 21.Rxc1 f5 22.Nc3 g5
23.h4 g4 24.Ke3 Nf7 25.Ne2 Rc5 26.f4 gxf3 27.gxf3 Rc8 28.Rg1 Kf6 29.Rd1 Rc7
30.Nf4 b5 31.Rc1 bxc4 32.Rxc4 Rxc4 33.bxc4 Ne5 34.c5 Nc6 35.Nd3 e5 36.a3 a5
37.Kd2 Ke6 38.Ke2 Nd4+ 39.Ke3 Kd5 40.f4 e4 41.Ne5 Nc2+ 42.Kd2 Nxa3 43.Nd7 Nc4+
44.Kc3 e3 45.Kd3 a4  0-1

[Event "Mladi op"]
[Site "Litomysl"]
[Date "1997.10.28"]
[Round "9"]
[White "Sarakauskas, Gediminas"]
[Black "Starostits, Ilmas"]
[Result "1/2-1/2"]
[WhiteElo "2295"]
[BlackElo "2315"]

1.e4 c5 2.Nf3 Nc6 3.Bb5 g6 4.O-O Bg7 5.Re1 e5 6.c3 Nge7 7.d4 cxd4 8.cxd4 Nxd4
9.Nxd4 exd4 10.Bg5 O-O 11.e5 h6 12.Bh4 g5 13.Bg3 Nf5 14.Bd3 Nxg3 15.hxg3 d6
16.f4 gxf4 17.gxf4 dxe5 18.fxe5 Qg5 19.Nd2 Bg4 20.Nf3 Qh5  1/2-1/2

[Event "AUT-chT3 9798"]
[Site "Vorarlberg "]
[Date "1997.10.31"]
[Round "3"]
[White "Guller, Andreas"]
[Black "Schmid, Sandro"]
[Result "1/2-1/2"]
[WhiteElo "1997"]
[BlackElo "1989"]

1.e4 c5 2.Nf3 Nc6 3.Bb5 e6 4.Bxc6 bxc6 5.d3 d5 6.O-O Nf6 7.e5 Nd7 8.Bf4 Ba6
9.Nbd2 Be7 10.Re1 Qa5 11.b3 Qb4 12.g3 h6 13.a3 Qa5 14.Nf1 Qc7  1/2-1/2

[Event "WchT 4th"]
[Site "Luzern"]
[Date "1997.11.01"]
[Round "8"]
[White "Kazhgaleyev, Murtas"]
[Black "Kozul, Zdenko"]
[Result "1-0"]
[WhiteElo "2500"]
[BlackElo "2605"]

1.e4 c5 2.Nf3 Nc6 3.Bb5 g6 4.O-O Bg7 5.c3 Nf6 6.Re1 O-O 7.h3 e5 8.d4 cxd4
9.cxd4 Nxd4 10.Nxd4 exd4 11.Qxd4 a6 12.Ba4 Re8 13.e5 b5 14.Bb3 d6 15.Rd1 Nh5
16.Qxd6 Bb7 17.e6 fxe6 18.Nc3 Qxd6 19.Rxd6 Kf7 20.Bg5 Bf6 21.Bxf6 Nxf6 22.Re1 Bc8
23.Ne2 Ke7 24.Rb6 Nd5 25.Bxd5 exd5 26.Nf4+ Kf7 27.Rxe8 Kxe8 28.Nxd5 Kf7 29.Rf6+ Kg7
30.Rc6 Bf5 31.Rc7+ Kh8 32.a3 Rd8 33.Ne3 Be4 34.Re7 Bd3 35.f4 Rd4 36.g3 h5
37.Kf2 b4 38.Ng2 Bf5 39.Nh4 Bc2 40.Nf3 bxa3 41.bxa3 Ra4 42.Re3 Rc4 43.Re6 Ra4
44.Re3 Rc4 45.Ne5 Rc7 46.Re1 Rb7 47.Rc1 Rb2 48.Ke3 Ra2 49.Kd4 Kg7 50.g4 hxg4
51.hxg4 a5 52.g5 Kf8 53.Kc5 Bf5 54.Rc3 Rf2 55.Rc4 Bc2 56.a4 Bb1 57.Kb6 Ke7
58.Kxa5 Ke6 59.Rc6+ Kd5 60.Rf6 Ra2 61.Kb4 Bf5 62.Nxg6 Bd7 63.Ne7+ Ke4 64.g6 Rxa4+
65.Kb3  1-0

[Event "DEN-chT 9798"]
[Site "Denmark"]
[Date "1997.11.02"]
[Round "1"]
[White "Kristensen, Leif"]
[Black "Skytte, Rasmus"]
[Result "1/2-1/2"]
[WhiteElo "2375"]
[BlackElo "2195"]

1.e4 c5 2.Nf3 Nc6 3.Bb5 g6 4.Bxc6 dxc6 5.h3 e5 6.d3 Bg7 7.a3 Qe7 8.O-O f6
9.b4 Nh6 10.bxc5 Qxc5 11.a4 Nf7 12.Nbd2 Be6 13.Ba3 Qa5 14.Qb1 Qc7 15.a5 Bf8
16.Qb2 Bxa3 17.Qxa3 Nd6 18.d4 Nb5 19.Qc5 exd4 20.Nxd4 Nxd4 21.Qxd4 O-O 22.Rfb1 Rf7
23.Nb3 Bxb3 24.Rxb3 a6 25.Rab1 Rd8 26.Qc4 Rb8 27.Rd1 Kg7 28.Rb6  1/2-1/2

[Event "RUS-Cup01 Chigorin mem"]
[Site "St Petersburg"]
[Date "1997.11.04"]
[Round "4"]
[White "Tseitlin, Mark D"]
[Black "Shchukin, Dmitry"]
[Result "1/2-1/2"]
[WhiteElo "2530"]
[BlackElo "2400"]

1.e4 c5 2.Nf3 Nc6 3.Bb5 d6 4.Bxc6+ bxc6 5.O-O e5 6.Re1 Nf6 7.c3 Bg4 8.h3 Bxf3
9.Qxf3 Be7 10.d3 O-O 11.Nd2 Nd7 12.Nc4 Kh8 13.a3 Nb6 14.Na5 Qd7 15.c4 Bd8
16.b4 Rb8 17.Qg4 Qe8 18.Bd2 Nc8 19.bxc5 Bxa5 20.Bxa5 dxc5 21.f4 f6 22.Rab1 Nb6
23.Bc3 exf4 24.Qxf4 Rd8 25.Re3 Qe6 26.Rf1 Nd7 27.g4 Kg8 28.Qg3 Rde8 29.Rf5 h6
30.h4 Rb8 31.g5 fxg5 32.hxg5 Rxf5 33.exf5 Qxf5 34.gxh6 Rb1+ 35.Be1 Qf6 36.Re6 Qd4+
37.Kg2 Nf8 38.Re4 Rb2+ 39.Bf2 Qf6 40.Qxg7+ Qxg7+ 41.hxg7 Kxg7 42.Re7+ Kf6
43.Rxa7 Ng6 44.Kg3 Ne5 45.Bxc5 Rb3 46.a4 Rxd3+ 47.Kf4 Rc3 48.Bb6 Rxc4+ 49.Ke3 Ke6
50.a5 Ra4 51.Kd2 c5 52.Kc3 Rc4+ 53.Kb2 Rb4+ 54.Kc3 Rc4+ 55.Kd2 Ra4 56.Kd1 Nc6
57.Ra8 Kd5 58.a6 Kc4 59.a7 Ra6 60.Rc8 Nxa7 61.Rxc5+ Kb4  1/2-1/2

[Event "RUS-Cup01 Chigorin mem"]
[Site "St Petersburg"]
[Date "1997.11.04"]
[Round "4"]
[White "Kuzmin, Gennadi P"]
[Black "Beshukov, Sergei"]
[Result "1-0"]
[WhiteElo "2555"]
[BlackElo "2430"]

1.e4 c5 2.Nf3 Nc6 3.Bb5 g6 4.O-O Bg7 5.c3 Nf6 6.e5 Nd5 7.d4 cxd4 8.cxd4 O-O
9.Nc3 Nxc3 10.bxc3 d6 11.Re1 Bg4 12.exd6 Qxd6 13.h3 Bxf3 14.Qxf3 e5 15.a4 Rfd8
16.Bg5 f6 17.Bh4 exd4 18.cxd4 Nxd4 19.Qxb7 Nf5 20.g4 Rdb8 21.Qxb8+ Rxb8 22.gxf5 gxf5
23.Rad1 Qb4 24.Bg3 f4 25.Bh2 f5 26.Kh1 Qc3 27.Bf1 Qc6+ 28.Bg2 Qxa4 29.Rd5 Qb4
30.Rg1 Rf8 31.Rd7 Kh8 32.Rxa7 Bd4 33.Bxf4 Qc5 34.Rd7 Be5 35.Bh6 Re8 36.Re1 Qxf2
37.Rxe5  1-0

[Event "RUS-Cup01 Chigorin mem"]
[Site "St Petersburg"]
[Date "1997.11.05"]
[Round "5"]
[White "Zaitsev, Igor A"]
[Black "Lopushnoy, Denis"]
[Result "1/2-1/2"]
[WhiteElo "2475"]
[BlackElo "2385"]

1.e4 c5 2.Nf3 Nc6 3.Bb5 g6 4.O-O Bg7 5.c3 Nf6 6.e5 Nd5 7.d4 cxd4 8.cxd4 O-O
9.Nc3 Nc7 10.Bg5 Nxb5 11.Nxb5 Qb6 12.a4 a6 13.Nc3 d6 14.a5 Qd8 15.exd6 Qxd6
16.d5 Ne5 17.Ne4 Nxf3+ 18.Qxf3 Qe5 19.Rfe1 f6 20.Bf4 Qxb2 21.Nc5 Bf5 22.g4 Bc2
23.Rac1 Rac8 24.Be3 f5 25.Qe2 Be4 26.Nxe4 Qxe2 27.Rxe2 Rxc1+ 28.Bxc1 fxe4
29.Rxe4 Rd8 30.Rxe7 Rxd5 31.Be3 Rxa5 32.Rxb7 Ra4 33.h3 Be5 34.Kg2 Bd4  1/2-1/2

[Event "RUS-Cup01 Chigorin mem"]
[Site "St Petersburg"]
[Date "1997.11.05"]
[Round "5"]
[White "Sveshnikov, Evgeny"]
[Black "Saltaev, Mihail"]
[Result "1-0"]
[WhiteElo "2570"]
[BlackElo "2490"]

1.e4 c5 2.Nf3 Nc6 3.Bb5 e6 4.O-O Nge7 5.c3 a6 6.Ba4 b5 7.Bc2 Bb7 8.d4 cxd4
9.Nxd4 Ng6 10.f4 Be7 11.Be3 O-O 12.Nd2 Nxd4 13.cxd4 f5 14.d5 fxe4 15.Bxe4 Bxd5
16.Bxd5 exd5 17.Nb3 Kh8 18.Qxd5 Bf6 19.Nc5 Bxb2 20.Rad1 Qe7 21.Qb3 Nxf4 22.Rfe1 Nxg2
23.Kxg2 Qf6 24.Qd5 Rae8 25.Nxd7 Qg6+ 26.Kh1 Rf5 27.Qg2 Qf7 28.Bg1 Bc3 29.Rxe8+ Qxe8
30.Nc5 h6 31.Nxa6 Qc8 32.Rd6 b4 33.Rc6 Qe8 34.Nc7 Qf7 35.Ne6 Qd7 36.Ra6 Kh7
37.Nc5 Qd1  1-0

[Event "RUS-Cup01 Chigorin mem"]
[Site "St Petersburg"]
[Date "1997.11.05"]
[Round "5"]
[White "Sudakov, Juri"]
[Black "Shour, Janna"]
[Result "0-1"]
[WhiteElo "2300"]
[BlackElo "2165"]

1.e4 c5 2.Nf3 Nc6 3.Bb5 g6 4.O-O Bg7 5.c3 Nf6 6.e5 Nd5 7.d4 cxd4 8.cxd4 O-O
9.Nc3 Nxc3 10.bxc3 d6 11.exd6 Qxd6 12.a4 Qc7 13.Ba3 a6 14.Bd3 Rd8 15.Qe2 e5
16.d5 Rxd5 17.Bc4 Rd7 18.Ng5 h6 19.Ne4 Kh7 20.Qf3 f5 21.Nc5 e4 22.Qe3 Ne5
23.Be2 Rf7 24.Rad1 Bd7 25.Nxd7 Rxd7 26.Rxd7 Qxd7 27.h4 Qxa4 28.Bc5 Qc6 29.Bd4 Re8
30.h5 g5 31.Qh3 g4 32.Qg3 Qf6 33.Rb1 b5 34.c4 Qd6 35.Rd1 f4 36.Qc3 f3 37.Bf1 fxg2
38.Bxg2 Nf3+ 39.Bxf3 gxf3 40.Qe3 Qe6 41.Bxg7 Qg4+ 42.Kf1 Qxg7 43.Rd4 bxc4
44.Rxc4 Qb7 45.Qf4 Qb1+ 46.Rc1 Qb5+ 47.Kg1 Rg8+ 48.Kh1 Qxh5+ 49.Qh2 Qxh2+
50.Kxh2 Rg2+ 51.Kh3 Rxf2 52.Rc7+ Kg6 53.Rc6+ Kg5 54.Rxa6 Rg2 55.Re6 Kf5 56.Rxh6 e3
57.Rh5+ Rg5 58.Rh8 e2  0-1

[Event "RUS-Cup01 Chigorin mem"]
[Site "St Petersburg"]
[Date "1997.11.05"]
[Round "5"]
[White "Chehlov, Aleksander"]
[Black "Lukin, Andrei M"]
[Result "0-1"]
[WhiteElo "2285"]
[BlackElo "2475"]

1.e4 c5 2.Nf3 Nc6 3.Bb5 Nf6 4.Bxc6 dxc6 5.d3 g6 6.Nc3 Bg7 7.h3 Nd7 8.Be3 e5
9.Qd2 h6 10.Nh2 b6 11.O-O-O Qe7 12.f4 exf4 13.Bxf4 Ne5 14.Nf3 Nxf3 15.gxf3 Be6
16.h4 O-O-O 17.Be3 Rd7 18.Kb1 Kb7 19.f4 Bd4 20.Rde1 Bg4 21.Ne2 Bf6 22.Ng3 Bxh4
23.Bf2 Bf6 24.e5 Bg7 25.Ne4 Bf3 26.Nd6+ Rxd6 27.Bh4 g5 28.Bxg5 hxg5 29.Rxh8 Bxh8
30.exd6 Qxd6 31.fxg5 Bd5 32.Qe3 Be6 33.g6 Qd5 34.c4 Qg2 35.Qe2 Qxg6 36.Rc1 Bd4
37.b3 Bf5 38.Kc2 Bg7 39.Re1 Ka6 40.Qd2 Qf6 41.Rb1 Qd4 42.a3 Be5 43.a4 f6  0-1

[Event "RUS-Cup01 Chigorin mem"]
[Site "St Petersburg"]
[Date "1997.11.05"]
[Round "5"]
[White "Zavoronkov, Vladimir"]
[Black "Sinkevich, Petr"]
[Result "1/2-1/2"]
[WhiteElo "2400"]
[BlackElo "2205"]

1.e4 c5 2.Nf3 Nc6 3.Bb5 e5 4.c3 Nge7 5.d4 cxd4 6.cxd4 Qa5+ 7.Nc3 exd4 8.Nxd4 Nxd4
9.Qxd4 Nc6 10.Qa4 Bb4 11.Bd2 a6 12.Qxa5 Bxa5 13.Be2 O-O 14.O-O-O b5 15.Nd5 Bb7
16.Bxa5 Nxa5 17.f3 Rfe8 18.g4 Rad8 19.Rd2 Rc8+ 20.Kb1 Nc4 21.Bxc4 Rxc4 22.Rhd1 h5
23.h3 Bc6 24.Nb6 Rc5 25.Nxd7 Bxd7 26.Rxd7 hxg4 27.hxg4 Rc6 28.R1d6 Rec8 29.Rxc6 Rxc6
30.a3 Kf8 31.Rd3 Ke7 32.Rc3 Rh6 33.Rc7+ Ke6 34.Ra7 Rh3 35.f4 Rh4 36.f5+ Ke5
37.Rxf7 Rxg4 38.Re7+ Kd4 39.e5 Ke4 40.f6 gxf6 41.exf6+ Kd3 42.Ra7 Rf4 43.Rxa6 Rf2
44.Rc6 Kd4 45.Ka2 Kd5 46.Ra6 Kc4 47.Ra8 Rxf6 48.Rc8+ Kd5 49.Kb3 Rf4 50.Kc3 Ra4
51.Rd8+ Kc5 52.Rg8 Rh4 53.Rg5+ Kc6 54.Re5 Rg4 55.Kd3 Rh4 56.Re4 Rh2 57.Kc3 Kc5
58.Re5+ Kc6 59.b3 Rh4 60.Rg5 Rf4 61.Rg8 Rh4 62.Rd8 Kc5 63.Rc8+  1/2-1/2

[Event "RUS-Cup01 Chigorin mem"]
[Site "St Petersburg"]
[Date "1997.11.06"]
[Round "6"]
[White "Brodsky, Michail"]
[Black "Beshukov, Sergei"]
[Result "1-0"]
[WhiteElo "2545"]
[BlackElo "2430"]

1.e4 c5 2.Nf3 Nc6 3.Bb5 g6 4.Bxc6 bxc6 5.O-O Bg7 6.Re1 Nh6 7.c3 O-O 8.d4 cxd4
9.cxd4 f6 10.Nc3 d6 11.h3 Nf7 12.Qc2 Bd7 13.Bd2 Rc8 14.Rad1 Qb6 15.Bc1 Qb7
16.Ne2 Rfe8 17.Qd3 Rcd8 18.Nc3 g5 19.Nd2 e5 20.d5 c5 21.Nf1 Nh8 22.Ng3 Ng6
23.Nf5 Bxf5 24.exf5 Ne7 25.g4 Nc8 26.Re4 Nb6 27.b4 Nd7 28.Ba3 Rc8 29.Rb1 c4
30.Qd2 Qa6 31.Bc1 Nb6 32.a4 Bf8 33.Qd1 Be7 34.Be3 Bd8 35.a5 Nd7 36.Qa4 Re7
37.Qb5 Nb8 38.Ra1 Kg7 39.Qa4 Qb7 40.b5 Qc7 41.b6 axb6 42.axb6 Qb7 43.Qb5 Qd7
44.Qb4 Nc6 45.dxc6 Qxc6 46.Rd1 Rd7 47.Qa5 Rb7 48.Rb1 Rd7 49.Qd5 Qxd5 50.Nxd5 c3
51.Ra4  1-0

[Event "AUT-chT 9798"]
[Site "Austria"]
[Date "1997.11.07"]
[Round "3"]
[White "Mahdi, Khaled"]
[Black "Titz, Heimo"]
[Result "0-1"]
[WhiteElo "2400"]
[BlackElo "2285"]

1.e4 c5 2.Nf3 Nc6 3.Bb5 d6 4.O-O Bd7 5.Re1 a6 6.Bf1 Bg4 7.d3 Nf6 8.Nbd2 e6
9.h3 Bh5 10.c3 Be7 11.g3 d5 12.Qc2 h6 13.Bg2 O-O 14.Nh2 Bg6 15.f4 c4 16.d4 Nxe4
17.Nxe4 Bxe4 18.Bxe4 dxe4 19.Qxe4 Qd5 20.Qxd5 exd5 21.Ng4 Rfe8 22.Bd2 Bd6
23.Ne3 Ne7 24.Kf2 f5 25.Re2 Kf7 26.Kf3 h5 27.Be1 g6 28.b3 b5 29.Rb2 Rab8
30.Rab1 Ke6 31.Re2 Kd7 32.Bd2 Kc6 33.Rbe1 Ng8 34.Ng2 Rxe2 35.Rxe2 Nf6 36.Re6 Ne4
37.Bc1 Nxc3 38.bxc4 bxc4 39.Rxg6 Nxa2 40.Be3 c3 41.Ne1 Nb4 42.Bc1 Re8 43.Kf2 Re4
44.Rf6 Rxd4 45.Rxf5 Rd1 46.Ba3 c2 47.Nxc2 Nxc2 48.Bxd6 Kxd6 49.Rf6+ Kc5 50.Rxa6 Rd2+
51.Kf3 Rd3+ 52.Kf2 Nd4 53.Ra5+ Kd6 54.Ra8 h4 55.Rd8+ Ke6 56.gxh4 Rxh3 57.Re8+ Kd6
58.Rd8+ Kc5 59.Rc8+ Kb4 60.Rf8 Kc4 61.Kg2 Rxh4 62.Kg3 Rh1 63.f5 Rf1 64.f6 Ne6  0-1

[Event "RUS-Cup01 Chigorin mem"]
[Site "St Petersburg"]
[Date "1997.11.07"]
[Round "7"]
[White "Totsky, Leonid"]
[Black "Lopushnoy, Denis"]
[Result "1-0"]
[WhiteElo "2485"]
[BlackElo "2385"]

1.e4 c5 2.Nf3 Nc6 3.Bb5 g6 4.O-O Bg7 5.c3 Nf6 6.Qa4 O-O 7.d4 cxd4 8.cxd4 d5
9.e5 Nd7 10.Bxc6 Nb6 11.Qa5 bxc6 12.b3 Bg4 13.Nbd2 Nd7 14.Qc3 Rc8 15.Ba3 c5
16.Bxc5 Nxc5 17.dxc5 d4 18.Qc4 Be6 19.Qxd4 Qxd4 20.Nxd4 Bxe5 21.Nxe6 fxe6
22.Rac1 Bf4 23.Rc2 Bxd2 24.Rxd2 Rxc5 25.Re1 Rfc8 26.f3 Kf7 27.Kf2 R8c6 28.Re4 Rd6
29.Ke2 Ra5 30.Rc2 Rda6 31.a4 Rb6 32.Rc3 e5 33.Rec4 Ke6 34.Kd3 Rd6+ 35.Kc2 Rad5
36.Kb2 Rd2+ 37.Rc2 R2d4 38.b4 Rd7 39.b5 Kf5 40.Kb3 e6 41.Kb4 g5 42.Ka5 g4
43.fxg4+ Kxg4 44.Rc6 Kf5 45.Rf2+ Rf4 46.Rxf4+ exf4 47.Ka6 e5 48.a5 e4 49.Rc5+ Kg4
50.Re5 e3 51.b6 axb6 52.axb6 h5 53.Re8 h4 54.Rg8+ Kf5 55.h3 Rd2 56.b7 Ra2+
57.Kb6 Rb2+ 58.Kc7 Ke4 59.b8=Q Rxb8 60.Rxb8 e2  1-0

[Event "RUS-Cup01 Chigorin mem"]
[Site "St Petersburg"]
[Date "1997.11.07"]
[Round "7"]
[White "Chehlov, Aleksander"]
[Black "Shour, Janna"]
[Result "1-0"]
[WhiteElo "2285"]
[BlackElo "2165"]

1.e4 c5 2.Nf3 Nc6 3.Bb5 g6 4.c3 Bg7 5.d4 cxd4 6.cxd4 Qb6 7.Bxc6 dxc6 8.h3 Nf6
9.Nc3 O-O 10.O-O Rd8 11.Qe2 Be6 12.Be3 Qb4 13.Rfd1 h6 14.Rac1 Ne8 15.d5 cxd5
16.exd5 Bf5 17.Nd4 Nd6 18.a3 Qc4 19.Qf3 Qa6 20.g4 Bd7 21.Nb3 b6 22.Bd4 Ba4
23.Nxa4 Qxa4 24.Bxg7 Kxg7 25.Nd4 Rac8 26.Nc6 Rd7 27.Rd4 Qxd4 28.Nxd4 Rxc1+
29.Kg2 Ne8 30.Ne6+ fxe6 31.dxe6 Rd8 32.Qf7+ Kh8 33.Qf4 Rc7 34.Qxh6+ Kg8 35.Qxg6+ Ng7
36.Qf7+ Kh8 37.g5 Rc6 38.h4 Rxe6 39.h5 Re5 40.f4 Rf5 41.Qxe7 Rdf8 42.h6 Nh5
43.g6 Nxf4+ 44.Kh2 Rh5+ 45.Kg3 Ne2+ 46.Kg4  1-0

[Event "RUS-Cup01 Chigorin mem"]
[Site "St Petersburg"]
[Date "1997.11.08"]
[Round "8"]
[White "Gubanov, Anton"]
[Black "Cherniaev, Alexander"]
[Result "1/2-1/2"]
[WhiteElo "2380"]
[BlackElo "2480"]

1.e4 c5 2.Nf3 Nc6 3.Bb5 e6 4.Bxc6 bxc6 5.O-O Ne7 6.b3 Ng6 7.Bb2 f6 8.e5 Be7
9.d3 O-O 10.Nbd2 fxe5 11.Nxe5 Nxe5 12.Bxe5 d6 13.Bg3 g5 14.f4 gxf4 15.Bxf4 e5
16.Bh6 Rxf1+ 17.Qxf1 Be6 18.Qf3 Qe8 19.Rf1 Kh8 20.Qg3 Qg8 21.Qe3 Qg6 22.Rf3 Bg4
23.Rf2 Rg8 24.Ne4 Qh5 25.Ng3 Qg6 26.Ne4 Qh5 27.Ng3 Qh4 28.Ne4 Bh3 29.Ng3 Be6
30.Ne4 Qg4 31.Qf3 Qh4 32.Bd2 Rf8 33.Bg5 Rxf3 34.Bxh4 Rxf2 35.Bxf2 Bg4 36.Kf1 Kg7
37.Be3 Kg6 38.Ke1 Bf5 39.Ke2 Kf7 40.Bf2 Bg4+ 41.Kd2 Bf5 42.Ke2 Bg4+ 43.Kd2 Bf8
44.h3 Bf5  1/2-1/2